000 00309nam a2200133Ia 4500
008 180730s9999||||xx |||||||||||||| ||und||
020 _a9780823016716
082 _a700
_bSIM/F
100 _aSimon, Mark
245 0 _aFacial Expressions
260 _aNew yark
_bW.G. Pub.
_c2005
300 _a256p
942 _aBK
999 _c2245
_d2245